Statystyki dla Nazwij ten niedźwiedź - quiz obrazkowy

Kliknij tutaj aby rozwiązać quiz!

Ogólne statystyki

  • Ten quiz został rozwiązany 217 razy
  • Średni wynik to 5 z 9

Statystyki odpowiedzi

Odpowiedź% Poprawnych
Niedźwiedź brunatny
98%
Niedźwiedź polarny
97%
Panda wielka
96%
Niedźwiedź czarny
65%
Miś Paddington
49%
Niedźwiedź himalajski
16%
Niedźwiedź malajski
14%
Wargacz leniwy
10%
Andoniedźwiedź okularowy
8%

Rozkład punktacji

Percentyl według liczby udzielonych odpowiedzi

Procent ludzi z każdym wynikiem

Twoja historia wyników

Nie rozwiązałeś tego quizu